LIBRARY & INFORMATION CENTRE, KCAET, TAVANUR

ONLINE PUBLIC ACCESS CATALOGUE (OPAC)

Engineering mathematics / (Record no. 12241)

MARC details
000 -LEADER
fixed length control field 00432cam a2200181ua 4500
041 ## - LANGUAGE CODE
Language code of text/sound track or separate title eng
082 ## - DEWEY DECIMAL CLASSIFICATION NUMBER
Classification number 519.062
Item number DAS/EN
100 ## - MAIN ENTRY--AUTHOR NAME
Personal name Dass, H.K .
245 ## - TITLE STATEMENT
Title Engineering mathematics /
250 ## - EDITION STATEMENT
Edition statement 11 /
260 ## - PUBLICATION, DISTRIBUTION, ETC. (IMPRINT)
Place of publication New Delhi :
Name of publisher S.Chand and Co ,
Year of publication 2004.
300 ## - PHYSICAL DESCRIPTION
Number of Pages 1060 ; .
942 ## - ADDED ENTRY ELEMENTS (KOHA)
Koha item type Books
Holdings
Withdrawn status Lost status Damaged status Home library Current library Date acquired Full call number Accession Number Koha item type
      KAUAET KAUAET 07/04/2012 519.062 DAS/EN 20917 Books
free website counter